Obálka Náhled e-knihy:
PDF Epub
Pro půjčování e-knih musíte být přihlášeni.
Jak si půjčit online?

Star Wars - vrcholná republika. Sílící bouře /

Třetí kniha série ze světa Star Wars. Hrdinové z éry Vrcholné Republiky se vracejí, aby čelili obávanému nepříteli.

Uloženo v:
Série:Star Wars - vrcholná republika, část
Hlavní autor: Scott, Cavan, 1973- (Autor)
Další autoři: Potužník, Lukáš (Autor)
Médium: E-kniha
Jazyk:Czech
Vydáno: V Praze : Egmont, 2022
Vydání:První vydání
Témata:
Příbuzné jednotky:Přeloženo z: Star Wars : the high Republic
Z cyklu:: Star Wars - vrcholná republika
Tagy:
Žádné tagy
LEADER 02636nam a2200481 i 4500
001 311497
003 CZ PrSKC
005 20260601215706.0
007 ta
008 220127s2022 xr g 000 f cze
015 |a cnb003393544 
020 |a 9788025250952  |q (brožováno) :  |c Kč 399,00 
035 |a (OCoLC)1302727291 
040 |a ABG001  |b cze  |e rda 
041 1 |a cze  |h eng 
072 7 |a 821.111-3  |x Anglická próza, anglicky psaná  |2 Konspekt 
080 |a 821.111-31  |2 MRF 
080 |a (0:82-311.9)  |2 MRF 
100 1 |a Scott, Cavan,  |d 1973-  |7 xx0154329  |4 aut 
240 1 0 |a Rising storm.  |l Česky 
245 1 0 |a Star Wars - vrcholná republika.  |p Sílící bouře /  |c Cavan Scott ; z anglického originálu Star Wars: the high republic - The rising storm přeložil Lukáš Potužník 
246 3 0 |a Sílící bouře 
250 |a První vydání 
264 1 |a V Praze :  |b Egmont,  |c 2022 
300 |a 408 stran ;  |c 20 cm 
336 |a text  |b txt  |2 rdacontent 
337 |a bez média  |b n  |2 rdamedia 
338 |a svazek  |b nc  |2 rdacarrier 
520 2 |a Třetí kniha série ze světa Star Wars. Hrdinové z éry Vrcholné Republiky se vracejí, aby čelili obávanému nepříteli.  |b Duch jednoty se pod vedením kancléřky Republiky Liny Soh šíří do galaxie a Jediové na nově otevřené stanici Maják Hvězdosvit jsou jeho předvojem. Na oslavu kancléřka plánuje Republikovou výstavu, výkladní skříň možností rozšiřující se mírumilovné Republiky. Jediové navštíví výstavu jako vyslanci harmonie. Ale kromě očí galaxie se k této události obrací i zuřivost Nihilů a jejich vůdce má v úmyslu tuto jednotu zničit. Nakladatelská anotace. 
521 8 |a Pro čtenáře od 12 let 
655 7 |a anglické romány  |7 fd131814  |2 czenas 
655 7 |a vědecko-fantastické romány  |7 fd133847  |2 czenas 
655 9 |a English fiction  |2 eczenas 
655 9 |a science fiction novels  |2 eczenas 
700 1 |a Potužník, Lukáš  |7 xx0276333  |4 trl 
765 0 |t Star Wars : the high Republic 
787 0 8 |i Z cyklu:  |t Star Wars - vrcholná republika 
900 |a ABA001  |b 21 
928 9 |a Albatros Media - Egmont 
044 |a xr 
910 |a RBIT002 
998 |d 345614  |a https://core.palmknihy.cz/api/books/345614/cover?si9l7x  |b https://core.palmknihy.cz/api/books/345614/cover/400?si9l7x  |c https://core.palmknihy.cz/api/books/345614/cover/50?si9l7x  |e 2026-12-31  |g 416  |i 9788025250952  |j https://core.palmknihy.cz/api/books/345614/preview.epub  |k https://core.palmknihy.cz/api/books/345614/preview.pdf  |l   |q 49  |r 1  |s https://www.palmknihy.cz/kniha/345614  |t ebook  |y 2022  |z 0  |v Star Wars - Vrcholná Republika  |w 3 
999 |d 311495